Statistics for Jackie and Wilson - Hozier (All Lyrics)

Click here to take the quiz!

General Stats

  • This quiz has been taken 278 times
    (214 since last reset)
  • The average score is 167 of 244

Answer Stats

Answer% Correct
a
96%
the
96%
And
94%
and
94%
I
94%
my
93%
me
92%
Me
92%
we
92%
We
92%
be
91%
blues
91%
Jackie
91%
So
91%
Wilson
91%
'em
90%
on
90%
name
88%
Raise
88%
rhythm
88%
she
88%
She
88%
to
88%
children
86%
in
86%
our
86%
We'll
86%
would
85%
baby
83%
go
83%
of
81%
Call
80%
hands
80%
her
80%
Better
79%
better
79%
hair
79%
through
79%
Run
78%
She's
78%
she's
78%
detectives
77%
save
77%
could
76%
No
76%
steal
76%
up
76%
clues
75%
gonna
75%
'round
75%
version
75%
wouldn't
75%
care
74%
Lexus
74%
picking
74%
She'll
74%
daily
73%
tonight
73%
eyes
72%
For
71%
for
71%
crazy
70%
know
69%
red
68%
see
68%
Soothe
68%
yet
68%
from
66%
God
66%
outta
66%
rather
65%
Lord
64%
Ride
64%
with
64%
it
63%
pretend
63%
tired
63%
trying
62%
never
61%
time
61%
behind
60%
'cause
60%
'Cause
60%
felt
60%
just
60%
is
59%
mid-youth
59%
found
58%
other
58%
divine
57%
reasons
57%
young
57%
all
56%
candle
56%
youthfully
56%
crisis
55%
done
55%
said
55%
disguise
54%
irises
54%
need
54%
wild
54%
wretched
54%
black
53%
familiar
53%
blows
52%
feeble
52%
nowhere
52%
sunshine
52%
us
52%
most
51%
Good
50%
swine
50%
wasn't
50%
way
50%
Laughing
49%
escape
48%
world
48%
deep
47%
Isis
46%
left
46%
outside
46%
place
46%
sometime
46%
tried
46%
yard
46%
back
45%
find
45%
growing
45%
already
44%
Watch
44%
watch
44%
buried
43%
clean
43%
roman
43%
by
42%
dead
42%
great
42%
mind
42%
cigarette
41%
lie
41%
burn
40%
Cut
40%
Every
40%
Happy
40%
it'd
40%
night
40%
rust
40%
Looking
39%
sit
39%
this
39%
swill
38%
let
36%
little
36%
reset
36%
at
34%
dream
34%
whatever
32%
what's
31%
coming
30%
next
29%
Soul
29%
soul
29%
poor
28%
start
28%
vignette
28%
digging
27%
We'd
25%

Score Distribution

Percentile by Number Answered

Percent of People with Each Score

Your Score History

You have not taken this quiz since the last reset